000 00660nam a2200181Ia 4500
008 090630s9999 xx 000 0 und d
082 _b18929
100 _aघाटपांडे महेश.
245 _aबिझनेसमन व्हायचयं.
_cघाटपांडे महेश.
260 _bआमोद - मुंबई.
_c2000
300 _a116
600 _aघाटपांडे महेश.
630 _aबिझनेसमन व्हायचयं.
655 _aइतर.
700 _aघाटपांडे महेश.
730 _aबिझनेसमन व्हायचयं.
942 _cBOOK
999 _c270785
_d270785